|
|
|
|
| LEADER |
01734nam a22003137a 4500 |
| 001 |
40742 |
| 003 |
BD-DhAAL |
| 005 |
20230126102507.0 |
| 008 |
230126t2019 bg ||||| |||| 00| 0 ben d |
| 020 |
|
|
|a 9789849408130
|
| 040 |
|
|
|a BD-DhAAL
|c BD-DhAAL
|
| 082 |
|
|
|a 891.44
|
| 100 |
|
|
|a জহির, শহীদুল
|9 17734
|
| 245 |
|
|
|a শহীদুল জহির গল্পসমগ্র :
|b গ্রন্থিত, অগ্রন্থিত, অপ্রকাশিত সমস্ত গল্প সদ্য সংগৃহীত (২০১৮) চারটি গল্পসহ /
|c সংগ্রহ ও সম্পাদনা মোহাম্মদ আবদুর রশীদ
|
| 246 |
|
|
|a Shahidul zahir collection of stories
|
| 260 |
|
|
|a ঢাকা :
|b পাঠক সমাবেশ,
|c ২০১৯
|
| 300 |
|
|
|a ৪৫১ পৃৃষ্ঠা ;
|c ২২ সে.মি.
|
| 526 |
|
|
|a GenEd (Residential Campus)
|
| 541 |
|
|
|a Development Book Agency
|e 40742
|
| 600 |
|
|
|a জহির, শহীদুল
|d ১৯৫৩-২০০৮
|9 53544
|
| 650 |
|
|
|a Bengali essays.
|9 53545
|
| 650 |
|
|
|a Bengali fiction.
|
| 650 |
|
|
|a Bengali literature.
|
| 700 |
|
|
|a রশীদ, মোহাম্মদ আবদুর
|9 53546
|
| 852 |
|
|
|a Ayesha Abed Library
|c General Stacks
|
| 942 |
|
|
|2 ddc
|c BK
|
| 999 |
|
|
|c 45354
|d 45354
|
| 952 |
|
|
|0 0
|1 0
|2 ddc
|4 0
|6 891_440000000000000_ZAH
|7 0
|9 72905
|a SCL
|b SCL
|c GEN
|d 2023-01-15
|e Development Book Agency
|g 625.00
|l 1
|o 891.44 ZAH
|p 3020040742
|r 2024-03-28
|s 2024-03-24
|t 1
|v 625.00
|w 2023-01-15
|y BK
|
| 952 |
|
|
|0 0
|1 0
|2 ddc
|4 0
|6 891_440000000000000_ZAH
|7 0
|9 72906
|a SCL
|b SCL
|c GEN
|d 2023-01-15
|e Development Book Agency
|g 625.00
|l 0
|o 891.44 ZAH
|p 3020040741
|r 2023-01-15
|t 2
|v 625.00
|w 2023-01-15
|y BK
|